|
|
|
|
| LEADER |
01063nam a2200241 u 4500 |
| 001 |
10062400 |
| 003 |
upatras |
| 005 |
20250109131122.0 |
| 008 |
070614s1987 gr a m gre d |
| 040 |
|
|
|a GR-PaULI
|b gre
|c GR-PaULI
|e AACR2
|
| 041 |
0 |
|
|a gre
|
| 082 |
0 |
4 |
|a Μ
|
| 100 |
1 |
|
|a Καλούτσα-Μαυροκεφάλου, Λιλή,
|d 1942-
|e συγγραφέας
|9 52258
|
| 245 |
1 |
0 |
|a Κλεομένης :
|b ιστορικό μυθιστόρημα /
|c Λιλή Μαυροκεφάλου ; μακέτα Αλέξης Κυριτσόπουλος.
|
| 250 |
|
|
|a 2η έκδ. συμπλ.
|
| 260 |
|
|
|a Αθήνα :
|b Κέδρος,
|c 1987.
|
| 300 |
|
|
|a 431 σ. ;
|c 21 εκ.
|
| 700 |
1 |
|
|a Κυριτσόπουλος, Αλέξης,
|d 1943-
|e εικονογράφος
|9 105222
|
| 852 |
|
|
|a GR-PaULI
|b ΠΑΤΡΑ
|b ΠΤΔΕ
|k ΑΣΧΕ
|h Μ ΜΑΥ
|m 1708
|p 025000030195
|t 1
|
| 942 |
|
|
|2 ddc
|c BK
|
| 952 |
|
|
|0 0
|1 0
|4 0
|6 Μ_ΜΑΥ
|7 0
|9 60699
|a PTDE
|b PTDE
|d 2016-04-24
|i 1708
|l 0
|o Μ ΜΑΥ
|p 025000030195
|r 2016-04-24 00:00:00
|t 1
|w 2016-04-24
|y BK15
|
| 998 |
|
|
|c ΤΣΕΝΕ
|d 2007-06
|
| 999 |
|
|
|c 38750
|d 38750
|